Sử thi Chăm Q.3 Sử thi Chăm

Bản dịch tiếng Việt tác phẩm "Tiếng cồng của ông bà Hbia Lơ Đă"

Saved in:
Bibliographic Details
Other Authors: Inrasara (ch.b.), Ka Sô Liễng (b.s.), Phan Đăng Nhật (ch.b.), Vũ Quang Dũng (b.s.)
Format: Book
Language:Vietnamese
Published: H. Khoa học xã hội 2014
Subjects:
Tags: Add Tag
No Tags, Be the first to tag this record!
Institutions: Mạng thư viện Đại học Đà Nẵng
LEADER 02008aam a22004938a 4500
001 000020861
003 17308
005 20150401100425.0
008 150327s2014 viesd
020 |d 2000b 
041 0 |a vie 
082 0 4 |2 23  |a 899.221032  |b Sưt 
245 0 0 |a Sử thi Chăm  |c B.s: Inrasara, Phan Đăng Nhật (ch.b.), Ka Sô Liễng, Vũ Quang Dũng  |n Q.3  |p Sử thi Chăm 
260 |a H.  |b Khoa học xã hội  |c 2014 
300 |a 429 tr.  |c 21 cm. 
500 |a ĐTTS ghi: Hội Văn nghệ dân gian Việt Nam 
504 |a Thư mục tr.429 
520 |a Bản dịch tiếng Việt tác phẩm "Tiếng cồng của ông bà Hbia Lơ Đă" 
546 |a Chính văn bằng 2 thứ tiếng: Việt - Chăm 
650 0 4 |2 Bộ TK TVQG  |a Sử thi  |x Dân tộc Chăm  |z Việt Nam 
650 7 |2 Bộ TK TVQG 
651 7 |2 Bộ TK TVQG  |a Việt Nam 
653 |a Dân tộc Chăm 
653 |a Văn học dân gian 
653 |a Sử thi 
653 |a Văn học Việt Nam 
655 7 |2 Bộ TK TVQG  |a Sử thi 
700 0 |a Inrasara  |e ch.b. 
700 1 |a Ka Sô Liễng  |e b.s. 
700 1 |a Phan Đăng Nhật  |e ch.b. 
700 1 |a Vũ Quang Dũng  |e b.s. 
773 |d Khoa học xã hội  |d H.  |d 2014  |n ĐTTS ghi: Hội Văn nghệ dân gian Việt Nam  |t Sử thi Chăm  |w 17305 
OWN |a LSP 
AVA |a UDN50  |b LNN  |d 895.922 IN-A  |e available  |t Error 5001 Not defined in file expand_doc_bib_avail.  |f 1  |g 0  |h N  |i 0 
AVA |a UDN50  |b LSP  |d 899.221032 Sưt  |e available  |t Error 5001 Not defined in file expand_doc_bib_avail.  |f 1  |g 0  |h N  |i 0  |k 1 
999 |a From the UDN01 
AVA |a UDN50  |b LNN  |d 895.922 IN-A  |e available  |t Error 5001 Not defined in file expand_doc_bib_avail.  |f 1  |g 0  |h N  |i 0 
AVA |a UDN50  |b LSP  |d 899.221032 Sưt  |e available  |t Error 5001 Not defined in file expand_doc_bib_avail.  |f 1  |g 0  |h N  |i 0  |k 1 
TYP |a Monograph 
TYP |a Printed language 
980 |a Mạng thư viện Đại học Đà Nẵng